000 00525nam a2200169Ia 4500
005 20241029164537.0
008 240126s9999 xx 000 0 und d
020 _a9780070990098
082 _a515.63 SPI;1 R
100 _aSpiegel, Murray R.
245 0 _aTheory and problems of vector analysis : an introduction to tensor analysis, SI (Metric) edition
260 _bMcGraw-Hill
_aNew York
_c1974
300 _a225
440 _aSchaum's outline series
650 _avector,tensor,analysis,,SI,(Metric)
942 _cPU
999 _c275425
_d275425